Naše filmové storočie /

Hlavní autor: Gyárfáš, František, 1954-
Další autoři: Malíček, Juraj, 1974-
Jazyk: Slovenština
Vydáno: Bratislava : Slovenský filmový ústav, 2019
Vydání: Druhé rozšírené vydanie
Témata:
Fyzický popis: 489 strán : portréty ; 22 cm
Knihy
Uloženo v:
LEADER 01362nam a2200397 i 4500
001 001910758
003 CZ BrMZK
005 20250129111707.0
007 ta
008 241007s2019 xo c g 001 e slo
020 |a 978-80-85187-80-9  |q (brožováno) 
040 |a BOA001  |b cze  |e rda 
045 |a x-y- 
072 7 |a 791  |x Film. Cirkus. Lidová zábava  |2 Konspekt  |9 3 
080 |a 791.2  |2 MRF 
080 |a (0:82-4)  |2 MRF 
100 1 |a Gyárfáš, František,  |d 1954-  |7 jo2015875428  |4 aut 
245 1 0 |a Naše filmové storočie /  |c František Gyárfáš @ Juraj Malíček 
250 |a Druhé rozšírené vydanie 
264 1 |a Bratislava :  |b Slovenský filmový ústav,  |c 2019 
300 |a 489 strán :  |b portréty ;  |c 22 cm 
336 |a text  |b txt  |2 rdacontent 
337 |a bez média  |b n  |2 rdamedia 
338 |a svazek  |b nc  |2 rdacarrier 
500 |a Obsahuje rejstříky 
500 |a 700 výtisků 
648 7 |a 20.-21. století  |7 ch462155 
650 0 7 |a filmy  |7 ph120215  |y 20.-21. století  |2 czenas 
650 0 9 |a films  |y 20th-21st centuries  |2 eczenas 
655 7 |a eseje  |7 fd132213  |2 czenas 
655 9 |a essays  |2 eczenas 
700 1 |a Malíček, Juraj,  |d 1974-  |7 jo2015868299  |4 aut 
910 |a BOA001  |b 2-1533.035 
990 |a BK 
991 |b 202501  |c NOV 
996 7 |b 2610982218  |c 2-1533.035  |l MZK  |r Sklad / do 1 hodiny  |n 0  |p kupz  |w 001979742  |u 000010  |a 1  |e BOA001  |j MZK50  |s A